000 00355nam a2200145Ia 4500
005 20250729165746.0
008 250729s2012 xx 000 0 und d
041 _aeng
082 _a930.7 PEAT
100 _aPearson
_9232281
245 _aTeaching of Social Science
260 _aNew Delhi
_bPearson
_c2012
300 _a312p
650 _aHistory
_9232282
999 _c239704
_d239704